[Event "Mainz CC Champions Duel"]
[Site "Mainz"]
[Date "2001.06.30"]
[Round "7"]
[White "Anand, Viswanathan"]
[Black "Kramnik, Vladimir"]
[Result "1/2-1/2"]
[WhiteElo "2794"]
[BlackElo "2797"]
[Annotator "Rogozenco,D"]
[PlyCount "91"]
[EventDate "2001.06.26"]
[EventType "match (rapid)"]
[EventRounds "10"]
[EventCountry "GER"]
[SourceTitle "CBM 084"]
[Source "ChessBase"]
[SourceDate "2001.09.13"]
[SourceVersion "1"]
[SourceVersionDate "2001.09.13"]
[SourceQuality "1"]

1. e4 c5 2. Nf3 Nc6 3. d4 cxd4 4. Nxd4 Qb6 {A surprise from Kramnik. This is
the first time he uses the queen sortie. Black will go later back to c7 with
the queen, but white knight was forced to leave its central position on d4, so
4. ... Qb6 has its advantages and drawbacks.} 5. Nb3 Nf6 6. Nc3 e6 7. a3 {
A possible move, but probably not the strongest one. 7.a3 has the logical idea
to prevent Bb4 and also sometimes Nb4, but it is a loss of a tempo and in this
game Kramnik demonstrated its drawbacks. Later in the play-offs Anand
wasbetter prepared and chose a more ambitious way.} (7. Qe2 Bb4 8. Bd2 O-O 9.
a3 Be7 10. O-O-O d6 (10... d5) 11. g4 a6 12. g5 Nd7 13. h4 Qc7 14. f4 b5 15.
Kb1 $16 {1-0 Anand,V-Kramnik,V/Mainz (blitz) 2001/ (28)}) (7. Bd3 {is
considered main move by theory.}) 7... Be7 8. f4 d6 9. Qf3 a6 10. Bd3 O-O 11.
g4 {A typical play in this kind of positions - the advance of the g-pawn is
rather a way to get more space than a direct attack against black king.
However, Black has a solid sicilian position and White must be careful not to
end up with a broken pawn structure.} Nd7 12. Be3 Qc7 13. g5 b5 14. h4 {
Although White has space advantage, he might soon have a problem with the king.
After long castle the pawn on a3 will help Black to open the b-file. Probably
Anand decided already to castle kingside later. But he chose an unfortunate
moment later on, so maybe this was the right time to play 14.0-0.} (14. O-O-O
b4 15. axb4 Nxb4 16. Kb1 $13) (14. O-O $5) 14... b4 15. Ne2 (15. axb4 Nxb4 $15)
15... bxa3 16. bxa3 Rb8 17. O-O $2 {[%mdl 64] A tactical blunder. Now Black
wins a pawn.} Nce5 $1 (17... Nde5 {is posible as well of course.}) 18. fxe5
Nxe5 19. Qg3 Nxd3 20. cxd3 Rxb3 21. Rfc1 Qd7 {A pawn up with no weaknesses
should be enough for a win. But in this rapid match and particulary in this
game Anand produced some miracles.} 22. Nf4 Bb7 23. Rcb1 Qb5 24. Rxb3 Qxb3 25.
Qe1 Qa4 26. Qd1 Qd7 {Hoping to create an attack against the weakened white
kingside.} (26... Qxd1+ 27. Rxd1 $17 {Black's task in endgame is still not
very easy (speaking about a technical win) - White has some initiative on the
queenside thanks to the fact that black bishops are closed and the rook is
passive as well.}) 27. Qg4 d5 28. Nh5 Qd6 29. e5 {This is probably another
blunder, intending to play 30.Bd4 after 29. ... Qxe5. But it happened to be
not so bad after all...} (29. Nf6+ {brings nothing:} Kh8) 29... Qxe5 30. Qd4 (
30. Bd4 Bc5 $1 $19) 30... Qxd4 $6 {Black is winning after this too, but White
has some chances to escape thanks to activity of his pieces. Apparently
Kramnik does everything right. However even in endgame White keeps the
initiative and does not have to worry about the king any longer.} (30... f6 31.
gxf6 gxf6 32. Qg4+ Kf7 33. Bd4 f5 (33... Bc5 $2 34. Qg7+ Ke8 35. Bxc5 Qxa1+ 36.
Kg2 Qb2+ 37. Kh3 $18) 34. Bxe5 fxg4 {must be winning as well.}) (30... Bd6 $1
31. Qxe5 Bxe5 32. Rb1 (32. Rc1 Rc8) 32... Bc6 $19 {was probably the easiest
way.}) 31. Bxd4 f6 32. Rc1 Rf7 $6 (32... Bd8 $142) 33. gxf6 gxf6 34. Rb1 $1 {
In spite of considerable material advantage, Black has big technical problems
to convert it into a win. White has the initiative and in many cases several
engames can arise with drawish tendentions (different-coloured bishops, rook
endgame with extra marginal pawns for Black, which are sometimes theoretically
drawn as well).} Bxa3 35. Nxf6+ Kf8 36. Rb3 Bd6 37. Rb6 e5 (37... Rxf6 38. Rxd6
Rg6+ 39. Kf2 {and being two pawns doawn White has chances to save the game
thanks to a much stronger bishop and control over dark squares.}) 38. Rxd6 exd4
39. Nxd5 Bxd5 $2 {After this final mistake is a theoretical draw.} (39... Ke8
$17) 40. Rxd5 Rf4 41. h5 {Black loses his d-pawn which means a draw.} Kg7 42.
Kg2 Kf6 43. Kg3 Rf5 44. Rxd4 Kg5 45. Rd6 a5 46. h6 1/2-1/2

[Event "Mainz CC Champions Duel"]
[Site "Mainz"]
[Date "2001.07.01"]
[Round "9"]
[White "Kramnik, Vladimir"]
[Black "Anand, Viswanathan"]
[Result "1/2-1/2"]
[WhiteElo "2797"]
[BlackElo "2794"]
[Annotator "Huzman,A"]
[PlyCount "51"]
[EventDate "2001.06.26"]
[EventType "match (rapid)"]
[EventRounds "10"]
[EventCountry "GER"]
[SourceTitle "CBM 084"]
[Source "ChessBase"]
[SourceDate "2001.09.13"]
[SourceVersion "1"]
[SourceVersionDate "2001.09.13"]
[SourceQuality "1"]

1. d4 d5 2. c4 dxc4 3. Nf3 e6 4. e3 Nf6 5. Bxc4 c5 6. O-O a6 7. Bb3 cxd4 8.
exd4 Nc6 9. Nc3 Be7 10. Re1 O-O 11. Bf4 Na5 12. Bc2 b5 13. d5 exd5 14. Qd3 (14.
Bg5 Nc6 15. Bxf6 Bxf6 16. Nxd5 g6 17. Nxf6+ Qxf6 18. Be4 Bf5 19. Bxc6 Qxc6 {
1/2-1/2 Yevseev,D-Yakovich,Y/Samara RUS 2000 (19)}) 14... Nc6 (14... g6 15.
Rxe7 Qxe7 16. Bg5 Qd6 17. Qd4 Nh5 18. Nxd5 Nc6 19. Qd2 f6 20. Bb3 Kh8 21. Be3
Bg4 $19 {0-1 Illescas Cordoba,M-Anand,V/Leon m 1997/ (37)}) 15. Bc7 Qd7 16. Ne5
Nxe5 17. Bxe5 g6 18. a4 (18. Bxf6 Bxf6 19. Nxd5 Bg7 20. a4 bxa4 21. Bxa4 Qd8
22. Bc6 {1/2-1/2 Kasparov,G-Anand,V/Wijk aan Zee A sp 1999/[Poldauf] (22)})
18... Bb7 19. axb5 axb5 20. Qxb5 (20. Nxb5 Ne4 21. Nd4 Bc5 $11) 20... Qxb5 21.
Nxb5 Rxa1 22. Rxa1 Rc8 23. Bd3 (23. Nc3 Ng4 24. Bd4 Rc4 25. Rd1 Bf6 $11) (23.
Bc3 Ne4 24. Bxe4 dxe4 25. Ra7 Ra8 $11) 23... Nd7 24. Bc3 Nc5 25. Bf1 Ba6 26.
Nd4 1/2-1/2

[Event "Mainz CC Champions Duel playoff"]
[Site "Mainz"]
[Date "2001.06.26"]
[Round "1"]
[White "Anand, Viswanathan"]
[Black "Kramnik, Vladimir"]
[Result "1-0"]
[WhiteElo "2790"]
[BlackElo "2795"]
[Annotator "McShane,L"]
[PlyCount "55"]
[EventDate "2001.06.26"]
[EventType "match (blitz)"]
[EventRounds "2"]
[EventCountry "GER"]
[SourceTitle "CBM 084"]
[Source "ChessBase"]
[SourceDate "2001.09.13"]
[SourceVersion "1"]
[SourceVersionDate "2001.09.13"]
[SourceQuality "1"]

1. e4 c5 2. Nf3 Nc6 3. d4 cxd4 4. Nxd4 Qb6 {Often the idea of these systems
with an early ...Qb6 in the Sicilian is to provoke White to retreat the
d4-knight. If the queen is later kicked back to c7, Black argues that the
knight was better placed on d4, so nothing was lost.} 5. Nb3 Nf6 6. Nc3 e6 7.
Qe2 Bb4 {Again, by playing this Black intends to make White's development more
awkward.} 8. Bd2 O-O 9. a3 Be7 10. O-O-O d6 11. g4 {Noticeably, Anand does not
waste time with Be3, recognising that here Black's queen blocks the path of
the b-pawn, as Kramnik wants to play b7-b5-b4 to prise open the queenside,
based on the weakness a3.  Anand wants to forge forward with his own attack,
and with kings on opposite sides of the board every tempo counts.} a6 12. g5
Nd7 13. h4 Qc7 14. f4 b5 15. Kb1 b4 16. axb4 Nxb4 17. f5 $1 {White must hurry
through on the kingside, and now threatens f5-f6, aand perhaps g5-g6. It is
always vital to consider the order of pawn advances during a pawn storm, for
example h4-h5 and g5-g6 might here be met by f7xg6, h5xg6, h7-h6. Anand's
advance is harder to deal with.} Rb8 18. Bf4 exf5 19. exf5 Ne5 20. Bh3 Re8 21.
g6 hxg6 {Perhaps} (21... Bf6 $142 $5 22. gxh7+ (22. h5 h6 $5) 22... Kh8) 22.
Bxe5 dxe5 23. fxg6 {Now the light square weaknesses are fatal.} fxg6 24. h5 Bf5
$6 (24... g5 {looks pretty gruesome, but was probably a better try.}) 25. hxg6
$3 Bxh3 (25... Bxc2+ 26. Qxc2 $1 Nxc2 27. Be6+ Kf8 28. Rh8#) 26. Rxh3 Bg5 27.
Ne4 Bf4 28. Nbc5 {28...Bh6 can block the h-file, but nothing can block the
a2-g8 diagonal.} 1-0

[Event "Mainz CC Champions Duel playoff"]
[Site "Mainz"]
[Date "2001.06.26"]
[Round "2"]
[White "Kramnik, Vladimir"]
[Black "Anand, Viswanathan"]
[Result "1/2-1/2"]
[WhiteElo "2797"]
[BlackElo "2794"]
[Annotator "Huzman,A"]
[PlyCount "76"]
[EventDate "2001.06.26"]
[EventType "match (blitz)"]
[EventRounds "2"]
[EventCountry "GER"]
[SourceTitle "CBM 084"]
[Source "ChessBase"]
[SourceDate "2001.09.13"]
[SourceVersion "1"]
[SourceVersionDate "2001.09.13"]
[SourceQuality "1"]

1. d4 d5 2. c4 dxc4 3. Nf3 e6 4. e3 Nf6 5. Bxc4 c5 6. O-O a6 7. Bb3 Nbd7 8. Qe2
b5 9. e4 Bb7 10. d5 c4 (10... e5 11. a4 c4 12. Bc2 Bc5 13. axb5 axb5 14. Rxa8
Qxa8 15. b3 Ba6 16. Bb2 Qb8 17. Nbd2 O-O 18. Ra1 Qd6 19. bxc4 bxc4 {[#]} 20.
Nxe5 Nxe5 21. Bxe5 Qxe5 22. Rxa6 Nxd5 23. Nxc4 $16 {1-0 Kazhgaleyev,
M-Dunnington,A/Paris 1996/EXT 97 (35)}) 11. dxe6 (11. Bc2 e5 12. a4 Bd6 (12...
Bc5 13. Nc3 Qb6 14. axb5 axb5 15. Rxa8+ Bxa8 16. b3 cxb3 17. Bxb3 O-O 18. Bb2
Bb7 19. Bc2 Ba6 20. Bd3 Rb8 21. Nd1 Bd6 22. Ne3 Re8 23. Nf5 Bf8 24. Rc1 $36 {
1-0 Khenkin,I-Jonkman,H/Haarlem 1998/EXT 99 (52)}) 13. Nc3 b4 14. Nd1 a5 15.
Ne3 Nb6 16. Nd2 c3 17. bxc3 bxc3 18. Ndc4 Nxc4 19. Nxc4 Bb4 20. Nxe5 $16 {
1/2-1/2 Khenkin,I-Sadler,M/Isle of Man 1995/EXT 98 (53)}) 11... fxe6 12. Bc2
Bd6 {Black has achieved a very convenient 'merano-type" position.} (12... Bc5
13. Ng5 (13. b3 cxb3 14. Bxb3 Nxe4 15. Nbd2 Ndf6 16. Bxe6 Qe7 17. Nxe4 Nxe4 18.
Bb3 O-O-O 19. Be3 Kb8 20. Rac1 Bd6 $11 {1/2-1/2 Kaplun,L-Pohla,H/Beltsy 1977/
MCD (48)}) 13... e5 14. Ne6 Qb6 15. Nxg7+ Kf7 16. Nf5 Nf8 17. Nd2 Ng6 18. Nxc4
$16 {0-1 Flohr,S-Thomas,G/Ujpest 1934/HCL (34)}) (12... Qc7 13. e5 Nd5 14. Ng5
Nc5 15. Qh5+ g6 16. Bxg6+ hxg6 17. Qxg6+ Kd7 18. Nf7 Be7 19. Nxh8 Rxh8 20. Qg7
Qb8 21. Rd1 Nd3 $17 {0-1 Neiman,E-Borges Mateos,J/Mislata op 2000/Ajelibre (25)
}) 13. b3 $6 (13. Rd1 $142 Qb8 14. h3 O-O 15. a4 Bc5 16. Nbd2 Nh5 17. Nxc4 Ndf6
18. Nce5 Ng3 19. Qe1 Ngxe4 20. Be3 Rc8 21. Bxe4 Bxe4 22. Bxc5 Rxc5 23. Nd7 Nxd7
24. Qxe4 $16 {1-0 Gruenberg,H-Loeffler,S/BL9495 1995/GER-chT (39)}) 13... Ne5
$1 14. Nbd2 $2 (14. bxc4 Nxf3+ 15. Qxf3 Be5 $19) (14. Rd1 Nxf3+ 15. Qxf3 O-O
$36) 14... c3 15. Nb1 (15. Nxe5 cxd2 16. Bb2 Qc7 $19) 15... Nxf3+ 16. Qxf3 b4
$17 {[%csl Rb1]} 17. a3 a5 18. Qh3 e5 (18... Qe7 $17) (18... Kf7 $17) 19. axb4
axb4 20. Rxa8 Bxa8 21. Qe6+ Qe7 22. Qc8+ Qd8 23. Qa6 (23. Qe6+ Be7 $5 24. Qxe5
O-O 25. Qe6+ Kh8 26. Rd1 Qe8 $44) 23... O-O 24. Rd1 Ng4 $1 25. Qxd6 Qh4 26. Qc5
(26. Qe6+ $142 Kh8 27. Qb6 Qxh2+ 28. Kf1 Bb7 29. f3 (29. Rd8 Ba6+ 30. Qxa6 Rxd8
$19) 29... Ba6+ 30. Rd3 (30. Bd3 c2 $19) 30... Qh1+ 31. Qg1 Rxf3+ 32. gxf3
Qxf3+ 33. Ke1 Qxe4+ 34. Be3 Bxd3 35. Bxd3 Qxd3 36. Qxg4 Qxe3+ 37. Kd1 (37. Kf1
Qf4+ $19) 37... Qd4+ $19) 26... Qxh2+ 27. Kf1 Rxf2+ (27... Bxe4 28. Bxe4 Qh1+
29. Ke2 Rxf2+ 30. Qxf2 Qxd1+ 31. Kxd1 Nxf2+ 32. Kc2 Nxe4 33. Kd3 Nf2+ 34. Kc4
$132) (27... Bb7 28. Bd3 Qh1+ 29. Ke2 Rxf2+ 30. Qxf2 Qxd1+ 31. Kxd1 Nxf2+ 32.
Kc2 $15) 28. Qxf2 Nxf2 29. Kxf2 Qh4+ 30. Kf3 Qh5+ (30... h5 $5 $19) 31. Ke3
Qg5+ 32. Kf2 Qh4+ 33. Kf3 h5 34. Rf1 Qg4+ 35. Ke3 Qxg2 (35... Qg3+ 36. Ke2
Qxg2+ 37. Rf2 Qg4+ 38. Ke1 Bxe4 $19) 36. Bd3 Qg3+ (36... h4 $19) 37. Ke2 Qg4+ (
37... Qg2+ 38. Rf2 Qg4+ 39. Ke1 Bxe4 $19) 38. Ke3 Qg3+ {Anand has accepted the
draw that guaranteed him an overall victory in the match.} 1/2-1/2